MARC details
| 000 -CABECERA |
| campo de control de longitud fija |
04792nam a2200409 a 4500 |
| 003 - IDENTIFICADOR DEL NÚMERO DE CONTROL |
| campo de control |
CHAP |
| 005 - FECHA Y HORA DE LA ÚLTIMA TRANSACCIÓN |
| campo de control |
20240530093636.0 |
| 007 - CAMPO FIJO DE DESCRIPCIÓN FÍSICA--INFORMACIÓN GENERAL |
| campo de control de longitud fija |
ta |
| 008 - DATOS DE LONGITUD FIJA--INFORMACIÓN GENERAL |
| campo de control de longitud fija |
230914s2021 mx bdo|fsm||| 001 0 spa d |
| 040 ## - FUENTE DE LA CATALOGACIÓN |
| Normas de descripción |
rda |
| 041 ## - CÓDIGO DE LENGUA |
| Código de lengua del texto/banda sonora o título independiente |
spa |
| Código de lengua del sumario o resumen |
eng |
| 100 1# - ENTRADA PRINCIPAL--NOMBRE DE PERSONA |
| 9 (RLIN) |
187962 |
| Nombre de persona |
Chávez Domínguez, Nicolás Antonio |
| 240 10 - TÍTULO UNIFORME |
| Título uniforme |
Mapping, future harvest estimation and yield determination in 14 varieties of cocoa (Theobroma cacao L.) from finca Badenia, Tapachula, Chiapas. |
| Lenguaje de la obra |
Español |
| 245 10 - MENCIÓN DE TÍTULO |
| Título |
Mapeo, estimación de cosecha futura y determinación de rendimiento en 14 variedades de cacao (Theobroma cacao L.) de la finca Badenia, Tapachula, Chiapas / |
| Mención de responsabilidad, etc. |
Nicolás Antonio Chávez Domínguez |
| 264 ## - PRODUCCIÓN, PUBLICACIÓN, DISTRIBUCIÓN, FABRICACIÓN Y COPYRIGHT |
| Producción, publicación, distribución, fabricación y copyright |
Chapingo, México : |
| Nombre del de productor, editor, distribuidor, fabricante |
El autor, |
| Fecha de producción, publicación, distribución, fabricación o copyright |
2021 |
| 300 ## - DESCRIPCIÓN FÍSICA |
| Extensión |
1 recurso en línea (xi, 81 páginas) : |
| Otras características físicas |
mapas, gráficas, diagramas, tablas, fotos |
| 336 ## - TIPO DE CONTENIDO |
| Fuente |
rdacontent |
| Término de tipo de contenido |
texto |
| Código de tipo de contenido |
txt |
| 337 ## - TIPO DE MEDIO |
| Fuente |
rdamedia |
| Nombre/término del tipo de medio |
computadora |
| Código del tipo de medio |
c |
| 338 ## - TIPO DE SOPORTE |
| Fuente |
rdacarrier |
| Nombre/término del tipo de soporte |
recurso en línea |
| Código del tipo de soporte |
cr |
| 502 ## - NOTA DE TESIS |
| Nota de tesis |
Tesis |
| Tipo de título |
(Ingeniero Agroindustrial) -- |
| Nombre de la institución que otorga el título |
Departamento de Ingeniería Agroindustrial, |
| Año de obtención del título |
2021 |
| Información miscelánea |
Licenciatura |
| 504 ## - NOTA DE BIBLIOGRAFÍA, ETC. |
| Nota de bibliografía, etc. |
Bibliografía: páginas 67-71 |
| 520 3# - SUMARIO, ETC. |
| Sumario, etc. |
El campo mexicano ha hecho importantes aportaciones con productos que ha legado al mundo, como el caso del cacao, Theobroma cacao L., el cual es uno de los cultivos emblemáticos de México, conformando una parte esencial de nuestra historia y nuestra cultura. El rendimiento agrícola es la relación del volumen de la producción total en toneladas de cierto cultivo cosechado por hectárea de terreno utilizada, en el cacao está influenciado por la cantidad de frutos obtenidos, así como, por el tamaño de los granos de cacao o por la cantidad de mazorcas necesarias para obtener un kilogramo de cacao fermentado y seco. Por esta razón, uno de los propósitos de este trabajo fue la determinación del índice de semilla y del índice de mazorca de 14 variedades de cacao ubicadas en la Finca Badenia, Tapachula, Chiapas, además, empleando la información respecto a la cosecha obtenida en el 2019, determinar el rendimiento de cada variedad. Las plagas y enfermedades de algunas plantas pueden afectar cultivos alimentarios de interés, como el cacao, lo que causa pérdidas significativas a los agricultores y amenaza la seguridad alimentaria, por ello, es que en el presente documento no solo se pretendió realizar una estimación de cosecha, también fue posible identificar la afectación general por plagas y enfermedades, así, como saber cuáles variedades eran más atacadas por enfermedades, o en el caso de plagas, saber cuáles variedades son preferidas por roedores o por aves. |
| 520 3# - SUMARIO, ETC. |
| Sumario, etc. |
The Mexican countryside has made important contributions with products that it has bequeathed to the world, such as the case of cocoa, Theobroma cacao L., which is one of the emblematic crops of Mexico, constituting an essential part of our history and our culture. Agricultural yield is the ratio of the volume of total production in tons of a certain crop harvested per hectare of land used, in cocoa it is influenced by the amount of fruits obtained, as well as by the size of the cocoa beans or by the amount of pods necessary to obtain one kilogram of fermented and dry cocoa. For this reason, one of the purposes of this work was to determine the seed index and the ear index of 14 cocoa varieties located in the Badenia Farm, Tapachula, Chiapas, also using the information regarding the harvest obtained in the 2019, determine the yield of each variety.. Pests and diseases of some plants can affect food crops of interest, such as cocoa, causing significant losses to farmers and threatening food security, for this reason, it is not only intended to make a harvest estimate in this document It was also possible to identify the general affectation by pests and diseases, as well as to know which varieties were most attacked by diseases, or in the case of pests, to know which varieties are preferred by rodents or birds. |
| 650 13 - PUNTO DE ACCESO ADICIONAL DE MATERIA--TÉRMINO DE MATERIA |
| 9 (RLIN) |
147466 |
| Término de materia o nombre geográfico como elemento de entrada |
Semillas de cacao |
| Subdivisión general |
Variedades |
| Subdivisión geográfica |
México |
| -- |
Chiapas |
| 650 13 - PUNTO DE ACCESO ADICIONAL DE MATERIA--TÉRMINO DE MATERIA |
| 9 (RLIN) |
147466 |
| Término de materia o nombre geográfico como elemento de entrada |
Semillas de cacao |
| Subdivisión general |
Índice de cosecha |
| 650 13 - PUNTO DE ACCESO ADICIONAL DE MATERIA--TÉRMINO DE MATERIA |
| 9 (RLIN) |
147466 |
| Término de materia o nombre geográfico como elemento de entrada |
Semillas de cacao |
| Subdivisión general |
Manejo de cultivos |
| 650 13 - PUNTO DE ACCESO ADICIONAL DE MATERIA--TÉRMINO DE MATERIA |
| 9 (RLIN) |
147466 |
| Término de materia o nombre geográfico como elemento de entrada |
Semillas de cacao |
| Subdivisión general |
Manejo de enfermedades y plagas |
| 650 13 - PUNTO DE ACCESO ADICIONAL DE MATERIA--TÉRMINO DE MATERIA |
| 9 (RLIN) |
147462 |
| Término de materia o nombre geográfico como elemento de entrada |
Cocoa beans |
| Subdivisión general |
Varieties |
| Subdivisión geográfica |
Mexico |
| -- |
Chiapas |
| 650 13 - PUNTO DE ACCESO ADICIONAL DE MATERIA--TÉRMINO DE MATERIA |
| 9 (RLIN) |
147462 |
| Término de materia o nombre geográfico como elemento de entrada |
Cocoa beans |
| Subdivisión general |
Harvest index |
| 650 13 - PUNTO DE ACCESO ADICIONAL DE MATERIA--TÉRMINO DE MATERIA |
| 9 (RLIN) |
147462 |
| Término de materia o nombre geográfico como elemento de entrada |
Cocoa beans |
| Subdivisión general |
Crop management |
| 650 13 - PUNTO DE ACCESO ADICIONAL DE MATERIA--TÉRMINO DE MATERIA |
| 9 (RLIN) |
147462 |
| Término de materia o nombre geográfico como elemento de entrada |
Cocoa beans |
| Subdivisión general |
Disease and pest management |
| 700 1# - PUNTO DE ACCESO ADICIONAL--NOMBRE DE PERSONA |
| 9 (RLIN) |
151810 |
| Nombre de persona |
Sandoval Castilla, Ofelia |
| Término indicativo de función/relación |
directora |
| 700 1# - PUNTO DE ACCESO ADICIONAL--NOMBRE DE PERSONA |
| 9 (RLIN) |
151362 |
| Nombre de persona |
Suárez Espinosa, Carlos |
| Término indicativo de función/relación |
asesor |
| 700 1# - PUNTO DE ACCESO ADICIONAL--NOMBRE DE PERSONA |
| 9 (RLIN) |
148104 |
| Nombre de persona |
Landa Salgado, Patricia |
| Término indicativo de función/relación |
asesora |
| 856 40 - LOCALIZACIÓN Y ACCESO ELECTRÓNICOS |
| Identificador Uniforme del Recurso |
http://10.13.5.2/tesis/tl/1112189-4_Chavez_Dominguez_Nicolas_Antonio.pdf |
| Nota pública |
DESCARGAR PDF |
| 942 ## - ELEMENTOS DE PUNTO DE ACCESO ADICIONAL (KOHA) |
| Fuente del sistema de clasificación o colocación |
Clasificación Universidad Autónoma Chapingo |
| Tipo de ítem Koha |
Tesis digital |